[Event "ICS rated blitz match"]
[Site "204.178.125.65"]
[Date "2000.12.23"]
[Round "?"]
[White "Hossa"]
[Black "Bernardov"]
[Result "1-0"]
[WhiteElo "2527"]
[BlackElo "2236"]
[PlyCount "99"]
[EventDate "2000.??.??"]

1. e4 c5 2. Nf3 d6 3. d4 cxd4 4. Nxd4 Nf6 5. Nc3 Nc6 6. Bc4 e6 7. Be3 a6 8. Bb3
Be7 9. f4 O-O 10. Qf3 Qc7 11. Nxc6 bxc6 12. O-O Bb7 13. a3 c5 14. f5 c4 15. Ba4
d5 16. fxe6 fxe6 17. Qh3 Bc8 18. exd5 exd5 19. Qf3 Bb7 20. Qf5 Kh8 21. Bd4 Bc5
22. Qf4 Qb6 23. Ne2 Nd7 24. Bxc5 Qxc5+ 25. Qd4 Qxd4+ 26. Nxd4 Nc5 27. Bc6 Bxc6
28. Nxc6 g6 29. Rxf8+ Rxf8 30. Rd1 Na4 31. Rxd5 Nxb2 32. Nb4 Rf6 33. Ra5 Nd1
34. Rxa6 Rf7 35. Nd5 Rf5 36. Rd6 Re5 37. h4 Re2 38. Rd8+ Kg7 39. Rd7+ Kf8 40.
Nf4 Re1+ 41. Kh2 Ne3 42. Rxh7 Nxc2 43. Nxg6+ Ke8 44. a4 Ra1 45. Ra7 Nd4 46.
Re7+ Kd8 47. Re4 Rd1 48. Ne5 c3 49. Rxd4+ Rxd4 50. Nc6+ {Bernardov resigns} 1-0

[Event "ICS rated blitz match"]
[Site "204.178.125.65"]
[Date "2000.12.23"]
[Round "?"]
[White "Tomerhak"]
[Black "Hossa"]
[Result "0-1"]
[WhiteElo "2049"]
[BlackElo "2532"]
[PlyCount "43"]
[EventDate "2000.??.??"]

1. e4 e5 2. Nf3 Nc6 3. Bb5 Nd4 4. Bc4 b5 5. Bd5 c6 6. Bb3 Nxb3 7. axb3 d5 8.
exd5 e4 9. Nd4 Qg5 10. Kf1 Qxd5 11. Ne2 Nf6 12. Nbc3 Qe5 13. Ng3 b4 14. Nce2
Bc5 15. d3 O-O 16. d4 Rd8 17. Bf4 Qe8 18. Be5 Ng4 19. Bf4 e3 20. fxe3 Nxe3+ 21.
Bxe3 Qxe3 22. Qe1 {Tomerhak resigns} 0-1

[Event "ICS rated blitz match"]
[Site "204.178.125.65"]
[Date "2000.12.23"]
[Round "?"]
[White "Tomerhak"]
[Black "Hossa"]
[Result "0-1"]
[WhiteElo "2045"]
[BlackElo "2536"]
[PlyCount "28"]
[EventDate "2000.??.??"]

1. e4 c5 2. Qe2 d6 3. a3 Nc6 4. c3 f5 5. exf5 Bxf5 6. g4 Bd7 7. f4 Na5 8. Qd1
e5 9. h4 exf4 10. d4 Qe7+ 11. Kf2 Nf6 12. Bh3 Ne4+ 13. Kg2 Qxh4 14. Nf3 Qf2# {
Tomerhak checkmated} 0-1

[Event "ICS rated blitz match"]
[Site "204.178.125.65"]
[Date "2000.12.23"]
[Round "?"]
[White "Hossa"]
[Black "Dorky"]
[Result "1-0"]
[WhiteElo "2523"]
[BlackElo "2400"]
[PlyCount "59"]
[EventDate "2000.??.??"]

1. e4 e5 2. Nf3 Nc6 3. Bb5 a6 4. Ba4 Nf6 5. O-O b5 6. Bb3 Bc5 7. a4 Bb7 8. d3
d6 9. axb5 axb5 10. Rxa8 Bxa8 11. Be3 Bb7 12. Bxc5 dxc5 13. Bd5 Nxd5 14. exd5
Nd4 15. c4 f6 16. Nxd4 cxd4 17. Qb3 Qd7 18. Na3 Ba6 19. c5 c6 20. Ra1 Qc8 21.
d6 Bb7 22. Nc2 Kf8 23. f4 g6 24. fxe5 fxe5 25. Re1 Kg7 26. Rxe5 Re8 27. Re4 Qd7
28. Nxd4 Kh8 29. Ne6 Ra8 30. Qc3+ {Dorky resigns} 1-0

[Event "ICS rated blitz match"]
[Site "204.178.125.65"]
[Date "2000.12.23"]
[Round "?"]
[White "Dorky"]
[Black "Hossa"]
[Result "1/2-1/2"]
[WhiteElo "2389"]
[BlackElo "2534"]
[PlyCount "140"]
[EventDate "2000.??.??"]

1. d4 Nf6 2. c4 g6 3. g3 Bg7 4. Bg2 O-O 5. Nc3 Nc6 6. Nf3 d5 7. cxd5 Nxd5 8.
O-O Nb6 9. e3 a6 10. Qc2 Nb4 11. Qd2 Nc6 12. Rd1 Bg4 13. h3 Be6 14. Ng5 Bd7 15.
f4 h6 16. Nge4 Qc8 17. Kh2 Nc4 18. Qe2 Nd6 19. Nc5 e6 20. Nxd7 Qxd7 21. Bd2 h5
22. Be1 Rfd8 23. g4 hxg4 24. hxg4 Bf6 25. Bg3 Kg7 26. g5 Rh8+ 27. Bh3 Be7 28.
Rh1 Nf5 29. Bf2 Rh5 30. Kg2 Rah8 31. Bg4 Rxh1 32. Rxh1 Rxh1 33. Kxh1 Kg8 34.
Bf3 Nb8 35. Ne4 Qa4 36. Nf6+ Bxf6 37. gxf6 Qxa2 38. Bxb7 Nd7 39. Bxa6 Nxf6 40.
Kh2 Ng4+ 41. Qxg4 Qxa6 42. Qd1 Qc6 43. b4 Nd6 44. Qe2 Ne4 45. Bh4 f6 46. b5 Qc1
47. Qg2 Qxe3 48. Qxg6+ Kf8 49. Qh6+ Ke7 50. Bxf6+ Nxf6 51. Qg7+ Kd6 52. Qxf6
Qf2+ 53. Kh3 Qf1+ 54. Kg3 Qe1+ 55. Kg4 Qe2+ 56. Kh4 Qxb5 57. Qd8+ Qd7 58. Qxd7+
Kxd7 59. Kg5 Kc6 60. Kf6 Kd6 61. Kf7 Kd7 62. Kg6 Ke7 63. Kg5 Kd6 64. Kf6 c6 65.
Kf7 Kd5 66. Ke7 Ke4 67. Kxe6 Kxf4 68. Kd6 Ke4 69. Kc5 Kd3 70. Kxc6 Kxd4 {
Game drawn because neither player has mating material} 1/2-1/2

[Event "ICS rated blitz match"]
[Site "204.178.125.65"]
[Date "2000.12.23"]
[Round "?"]
[White "Hossa"]
[Black "Bill-Meredith"]
[Result "1-0"]
[WhiteElo "2528"]
[BlackElo "1951"]
[PlyCount "29"]
[EventDate "2000.??.??"]

1. e4 e5 2. Bc4 Nf6 3. d3 Bc5 4. Nc3 d6 5. f4 Be6 6. Bxe6 fxe6 7. fxe5 dxe5 8.
Nf3 Nc6 9. Na4 Bd6 10. O-O O-O 11. Ng5 Qd7 12. Be3 h6 13. Nh3 a6 14. Nc5 Rf7
15. Nxd7 {Bill-Meredith resigns} 1-0

[Event "ICS Rated blitz match"]
[Site "204.178.125.65"]
[Date "2000.12.23"]
[Round "?"]
[White "Hossa"]
[Black "joejan"]
[Result "1-0"]
[WhiteElo "2529"]
[BlackElo "2258"]
[PlyCount "25"]
[EventDate "2000.??.??"]

1. e4 c5 2. Nf3 d6 3. d4 cxd4 4. Nxd4 Nf6 5. Nc3 a6 6. Be2 e5 7. Nb3 Be6 8. O-O
Be7 9. f4 Qc7 10. Kh1 O-O 11. f5 Bc4 12. g4 Nc6 13. Bxc4 {joejan resigns} 1-0

[Event "ICS rated blitz match"]
[Site "204.178.125.65"]
[Date "2000.12.23"]
[Round "?"]
[White "Polloman"]
[Black "Hossa"]
[Result "0-1"]
[WhiteElo "1977"]
[BlackElo "2535"]
[PlyCount "43"]
[EventDate "2000.??.??"]

1. e4 e5 2. Bc4 Nf6 3. Nc3 Nc6 4. d3 Bb4 5. Bd2 Na5 6. Bb3 Nxb3 7. axb3 d5 8.
Nxd5 Bxd2+ 9. Qxd2 Nxd5 10. exd5 Qxd5 11. Ne2 Qxg2 12. O-O-O Qxf2 13. Rdf1 Qg2
14. Rhg1 Qxh2 15. Rxg7 Be6 16. Qe3 O-O-O 17. Qxa7 Qh6+ 18. Nf4 Qxg7 19. Nxe6
Qh6+ 20. Nf4 exf4 21. Re1 Qa6 22. Qd4 {Polloman resigns} 0-1

[Event "ICS rated blitz match"]
[Site "204.178.125.65"]
[Date "2000.12.23"]
[Round "?"]
[White "xypher"]
[Black "Hossa"]
[Result "1-0"]
[WhiteElo "2716"]
[BlackElo "2536"]
[PlyCount "77"]
[EventDate "2000.??.??"]

1. e4 e5 2. Nf3 Nc6 3. Bb5 Nd4 4. Nxd4 exd4 5. O-O a5 6. Qh5 Qf6 7. d3 c6 8.
Bc4 g6 9. Qe2 b5 10. e5 Qh4 11. Bxb5 cxb5 12. g3 Qh3 13. Qe4 Ra6 14. a4 bxa4
15. Rxa4 Bc5 16. Rxd4 Bxd4 17. Qxd4 Ne7 18. Bg5 Bb7 19. f3 Nf5 20. Qc5 Ra8 21.
Rf2 Rf8 22. Nd2 h6 23. Bf6 h5 24. Ne4 Rc8 25. Qa3 h4 26. Ng5 hxg3 27. Nxh3
gxf2+ 28. Nxf2 Rxc2 29. Qxa5 Rc8 30. Kg2 Rg8 31. Qb4 Bd5 32. Ne4 Rc2+ 33. Kh3
Rc8 34. Nd6+ Nxd6 35. Qxd6 Rh8+ 36. Kg3 Rh3+ 37. Kxh3 Be6+ 38. Kg3 Rc1 39. Qe7#
{Hossa checkmated} 1-0

[Event "ICS rated blitz match"]
[Site "204.178.125.65"]
[Date "2000.12.23"]
[Round "?"]
[White "Hossa"]
[Black "PrinceCharles"]
[Result "1-0"]
[WhiteElo "2528"]
[BlackElo "1956"]
[PlyCount "53"]
[EventDate "2000.??.??"]

1. e4 e6 2. d4 d5 3. e5 Qd7 4. Nf3 b6 5. Be2 Ba6 6. Bxa6 Nxa6 7. Qe2 Nb8 8. Bg5
h6 9. Be3 Nc6 10. Nc3 Nge7 11. O-O-O Nf5 12. Bf4 g5 13. Be3 Be7 14. g4 Ng7 15.
h4 gxh4 16. Nxh4 O-O-O 17. Nf3 h5 18. gxh5 Nxh5 19. Ng5 Ng7 20. Nxf7 Rxh1 21.
Rxh1 Rf8 22. Nh8 Bb4 23. Ng6 Rg8 24. Qa6+ Kb8 25. Ne2 Nf5 26. Ngf4 Nd8 27. a3 {
PrinceCharles resigns} 1-0

[Event "ICS rated blitz match"]
[Site "204.178.125.65"]
[Date "2000.12.23"]
[Round "?"]
[White "Hossa"]
[Black "Conjecture"]
[Result "1-0"]
[WhiteElo "2531"]
[BlackElo "2090"]
[PlyCount "71"]
[EventDate "2000.??.??"]

1. e4 e6 2. d4 d5 3. e5 c5 4. c3 cxd4 5. cxd4 Nc6 6. Nc3 Qb6 7. Nf3 Nge7 8. Bb5
Nf5 9. g4 Nfe7 10. O-O Bd7 11. Be3 h5 12. gxh5 Nf5 13. Rc1 Rxh5 14. Qe2 g6 15.
Na4 Qd8 16. Nc5 Bxc5 17. Rxc5 Rc8 18. Rfc1 a6 19. Bd3 Nce7 20. Rxc8 Bxc8 21.
Bf4 Bd7 22. Qd2 Qb6 23. Bb1 Rh3 24. Rc3 Rh8 25. Bg5 Bc6 26. Rb3 Qc7 27. Bf6 Rh7
28. Rc3 Qd7 29. Qc1 Ng8 30. Bg5 Ngh6 31. Bd3 Ng4 32. Bxa6 f6 33. exf6 Qd6 34.
f7+ Kxf7 35. Bf4 Qd7 36. Bxb7 {Conjecture resigns} 1-0

[Event "ICS rated standard match"]
[Site "204.178.125.65"]
[Date "2000.12.23"]
[Round "?"]
[White "Hossa"]
[Black "nitmo"]
[Result "1-0"]
[WhiteElo "2338"]
[BlackElo "1917"]
[PlyCount "67"]
[EventDate "2000.??.??"]

1. e4 e5 2. Nf3 Nc6 3. Bb5 Nd4 4. Nxd4 exd4 5. O-O c6 6. Bc4 Nf6 7. e5 d5 8.
Be2 Nd7 9. f4 d3 10. Bxd3 Bc5+ 11. Kh1 O-O 12. Be2 d4 13. b3 b6 14. Bb2 Bb7 15.
b4 Bxb4 16. Bxd4 c5 17. Bc3 Qh4 18. Bxb4 cxb4 19. d4 Rac8 20. d5 Nc5 21. c4 Ne4
22. Kg1 b5 23. Qd4 Nc3 24. Nxc3 bxc3 25. Rab1 c2 26. Rxb5 Ba8 27. Rb2 Rfd8 28.
Bf3 c1=R 29. Rxc1 f6 30. e6 g5 31. e7 Rd6 32. Qc5 Rdc6 33. Qe3 Qxf4 34. Qxf4 {
nitmo resigns} 1-0

[Event "ICS rated blitz match"]
[Site "204.178.125.65"]
[Date "2000.12.23"]
[Round "?"]
[White "kyrios"]
[Black "Hossa"]
[Result "0-1"]
[WhiteElo "2320"]
[BlackElo "2533"]
[PlyCount "130"]
[EventDate "2000.??.??"]

1. d4 Nf6 2. Nf3 g6 3. c4 Bg7 4. Nc3 O-O 5. e4 d6 6. Be2 e5 7. dxe5 dxe5 8.
Qxd8 Rxd8 9. Nd5 Nxd5 10. cxd5 f5 11. Bc4 b5 12. Bxb5 fxe4 13. Bg5 Rd6 14. Nd2
Ba6 15. Bxa6 Nxa6 16. Nxe4 Rxd5 17. Rd1 Rxd1+ 18. Kxd1 Nb4 19. a3 Nc6 20. Be3
Rd8+ 21. Ke2 Nd4+ 22. Bxd4 exd4 23. Kd3 Rb8 24. b4 a5 25. Rb1 axb4 26. Rxb4 Rf8
27. f3 Be5 28. Ra4 Kg7 29. h3 Kh6 30. Ra5 Re8 31. a4 Kg7 32. Rd5 Re7 33. a5 Kf7
34. a6 Re8 35. Rd7+ Ke6 36. Nc5+ Kf6 37. Rxh7 Ra8 38. Ne4+ Ke6 39. g3 Kd5 40.
Rd7+ Kc6 41. Re7 Kd5 42. f4 Bh8 43. Rxc7 Rxa6 44. Rc5+ Ke6 45. Ng5+ Kd7 46. Ke4
Ra3 47. Rd5+ Kc6 48. f5 Re3+ 49. Kf4 Kxd5 50. fxg6 Be5+ 51. Kf5 d3 52. Nf7 d2
53. Nxe5 Rxe5+ 54. Kf6 Re6+ 55. Kf7 Rxg6 56. Kxg6 Ke5 57. h4 Ke6 58. h5 Ke5 59.
h6 Ke6 60. h7 d1=Q 61. h8=Q Qg4+ 62. Kh6 Qh3+ 63. Kg7 Qxg3+ 64. Kh6 Qh4+ 65.
Kg6 Qxh8 {kyrios resigns} 0-1

[Event "ICS rated blitz match"]
[Site "204.178.125.65"]
[Date "2000.12.23"]
[Round "?"]
[White "Hossa"]
[Black "Lordof-deskys"]
[Result "1-0"]
[WhiteElo "2547"]
[BlackElo "2107"]
[PlyCount "66"]
[EventDate "2000.??.??"]

1. e4 c5 2. Nf3 d6 3. d4 cxd4 4. Nxd4 Nf6 5. Nc3 g6 6. g3 Bg7 7. Bg2 O-O 8. h3
Nc6 9. Nde2 Qb6 10. O-O Bd7 11. Be3 Qa5 12. Qd2 Ne5 13. Nd5 Qd8 14. Nxf6+ Bxf6
15. Bh6 Re8 16. Nf4 e6 17. Qxd6 Nc4 18. Qb4 Nxb2 19. Qxb7 Ba4 20. e5 Rb8 21.
Qe4 Be7 22. Rfb1 Qc7 23. Rxb2 Rxb2 24. Qxa4 Rd8 25. Rc1 Qc3 26. Nd3 g5 27. Qxa7
Bf8 28. Nxb2 Bxh6 29. Qb6 Rd2 30. Qb3 Qd4 31. Nd3 g4 32. Re1 gxh3 33. Bxh3 Bg5
{Lordof-deskys resigns} 1-0

[Event "ICS rated standard match"]
[Site "204.178.125.65"]
[Date "2000.12.24"]
[Round "?"]
[White "Hossa"]
[Black "PackMaster"]
[Result "0-1"]
[WhiteElo "2364"]
[BlackElo "2479"]
[PlyCount "174"]
[EventDate "2000.??.??"]

1. e4 c5 2. Nf3 d6 3. d4 cxd4 4. Nxd4 Nf6 5. Nc3 g6 6. g3 Bg7 7. Bg2 O-O 8. h3
Qb6 9. Nb3 Be6 10. e5 dxe5 11. Be3 Qc7 12. Nb5 Qd7 13. Qxd7 Nbxd7 14. Bxb7 Rab8
15. Bc6 a6 16. Nc7 Rfc8 17. Nxe6 Rxc6 18. Nxg7 Rxc2 19. Bh6 Kh8 20. g4 Rxb2 21.
O-O Ng8 22. g5 Nxh6 23. gxh6 Nf6 24. Nc5 a5 25. Nd3 R2b5 26. Rac1 Ng8 27. Nc5
Nxh6 28. Na6 Rd8 29. Nc7 Rb2 30. Nge8 Rxa2 31. Ra1 Rdd2 32. Rxa2 Rxa2 33. Re1
f6 34. Ne6 Nf5 35. Rd1 h5 36. Rd8 Kh7 37. Rd7 Kh6 38. N8c7 Ra1+ 39. Kh2 a4 40.
Rd8 g5 41. Rh8+ Kg6 42. Rg8+ Kh7 43. Ra8 Nd4 44. Kg2 Kh6 45. Nxd4 exd4 46. Na6
d3 47. Rh8+ Kg6 48. Rg8+ Kf5 49. Rd8 Rd1 50. Nb4 a3 51. Rd5+ e5 52. Rd6 e4 53.
Rd5+ Ke6 54. Rd8 Rb1 55. Na2 Ke5 56. Nc3 Rc1 57. Na2 Rc4 58. Rd7 Rc2 59. Nb4 a2
60. Nxa2 Rxa2 61. Rd8 d2 62. Kf1 Ra1+ 63. Ke2 d1=Q+ 64. Rxd1 Rxd1 65. Kxd1 Kf4
66. Ke2 f5 67. Ke1 Kf3 68. Kf1 f4 69. Ke1 Kg2 70. Kd1 Kxf2 71. Kc2 e3 72. Kd3
e2 73. Kd4 e1=Q 74. Kd5 Ke3 75. h4 gxh4 76. Ke5 Kd3+ 77. Kd6 Qe4 78. Kd7 Kc4
79. Kd6 Qd5+ 80. Ke7 Qc6 81. Kf7 Kd5 82. Kg7 Ke5 83. Kf7 Qe6+ 84. Kg7 Kf5 85.
Kf8 Qd7 86. Kg8 Kg6 87. Kf8 Qf7# {Hossa checkmated} 0-1

[Event "ICS rated blitz match"]
[Site "204.178.125.65"]
[Date "2000.12.24"]
[Round "?"]
[White "PostModernist"]
[Black "Hossa"]
[Result "1-0"]
[WhiteElo "2612"]
[BlackElo "2549"]
[PlyCount "133"]
[EventDate "2000.??.??"]

1. d4 Nf6 2. c4 g6 3. Nc3 Bg7 4. e4 d6 5. f3 O-O 6. Be3 e5 7. d5 Nh5 8. Qd2
Qh4+ 9. Bf2 Qe7 10. g4 Nf4 11. h4 f5 12. gxf5 gxf5 13. O-O-O fxe4 14. fxe4 Bg4
15. Re1 Nd7 16. Be3 a5 17. Be2 Nxe2+ 18. Ngxe2 Bf3 19. Bg5 Qe8 20. Rhg1 Qh5 21.
Bh6 Rf7 22. Bxg7 Rxg7 23. Rxg7+ Kxg7 24. Ng3 Qg4 25. Rg1 Kh8 26. Qe3 Qf4 27.
Qxf4 exf4 28. Nf1 Ne5 29. Nh2 Rg8 30. Nxf3 Nxf3 31. Rxg8+ Kxg8 32. Ne2 Nxh4 33.
Nxf4 Nf3 34. Ne6 h5 35. Kd1 h4 36. Ke2 Nd2 37. Nxc7 Nxe4 38. Nb5 h3 39. Kf1 Kf7
40. Kg1 Ke7 41. Kh2 Ng5 42. b3 Kd7 43. Nd4 a4 44. bxa4 Ke7 45. Kg3 Kf6 46. Nb5
Ke7 47. Nc3 Kd7 48. Nd1 Ke7 49. Nf2 Kf6 50. Nxh3 Nxh3 51. Kxh3 Ke5 52. Kg4 Kf6
53. a5 Ke5 54. Kg5 Ke4 55. Kf6 Kd4 56. Ke7 Kc5 57. a3 Kd4 58. Kxd6 Kc3 59. Kc5
Kd3 60. d6 Kc3 61. d7 Kb3 62. d8=Q Kc2 63. Kb4 b5 64. cxb5 Kb1 65. Kb3 Kc1 66.
b6 Kb1 67. Qd1# {Hossa checkmated} 1-0

[Event "ICS rated standard match"]
[Site "204.178.125.65"]
[Date "2000.12.24"]
[Round "?"]
[White "PIETRO-TARICONE"]
[Black "Hossa"]
[Result "1-0"]
[WhiteElo "2237"]
[BlackElo "2353"]
[PlyCount "145"]
[EventDate "2000.??.??"]

1. e4 e6 2. d3 Nc6 3. g3 d5 4. Nd2 Nf6 5. Bg2 Be7 6. Ngf3 dxe4 7. dxe4 e5 8.
O-O O-O 9. c3 Qd3 10. Ne1 Qd7 11. Nc2 Rd8 12. Qe2 Qd3 13. Qxd3 Rxd3 14. Nb3 a5
15. Be3 a4 16. Nc1 Rd8 17. f3 Be6 18. b4 axb3 19. axb3 Rxa1 20. Nxa1 Ba3 21. c4
Bb2 22. Nc2 h6 23. f4 Ng4 24. f5 Bc8 25. Bc5 Rd2 26. Ne3 Nxe3 27. Bxe3 Bxc1 28.
Rxc1 Rd3 29. Kf2 Rxb3 30. Ra1 Rb2+ 31. Kf3 Bd7 32. Ra8+ Kh7 33. Rf8 Na5 34.
Rxf7 Ba4 35. g4 Bd1+ 36. Kg3 Rb3 37. Kf2 Nxc4 38. Ba7 Rb2+ 39. Kg3 b6 40. f6
Rb3+ 41. Kh4 Kg6 42. Rxg7+ Kxf6 43. Rxc7 Rb4 44. Rc6+ Kf7 45. h3 Ba4 46. Rxh6
Rb1 47. g5 Bd7 48. Rh7+ Ke8 49. Bb8 Rg1 50. Bf3 Be6 51. Bh5+ Kf8 52. g6 Rg2 53.
Ra7 Rg1 54. Rh7 Rg2 55. Bc7 Rg1 56. Bd8 Rf1 57. Kg5 Ke8 58. Re7+ Kxd8 59. Rxe6
Kd7 60. g7 Kxe6 61. g8=Q+ Kd7 62. Qxc4 Rh1 63. Kf6 Rg1 64. Be8+ Kd8 65. Qd5+
Kc7 66. Qc6+ Kb8 67. Qxb6+ Kc8 68. Qxg1 Kb7 69. Qc1 Kb6 70. Qc6+ Ka7 71. Qb5
Ka8 72. Bc6+ Ka7 73. Qb7# {Hossa checkmated} 1-0

[Event "ICS rated standard match"]
[Site "204.178.125.65"]
[Date "2000.12.24"]
[Round "?"]
[White "Hossa"]
[Black "PIETRO-TARICONE"]
[Result "1-0"]
[WhiteElo "2332"]
[BlackElo "2258"]
[PlyCount "65"]
[EventDate "2000.??.??"]

1. e4 c5 2. Nf3 e6 3. d4 cxd4 4. Nxd4 a6 5. c4 Qc7 6. Nc3 Nf6 7. Bd3 Nc6 8.
Nde2 Bc5 9. O-O Ne5 10. Na4 Ba7 11. c5 Nxd3 12. Qxd3 Qe5 13. f3 Bxc5+ 14. Nxc5
Qxc5+ 15. Be3 Qe7 16. Rac1 d6 17. Bg5 h6 18. Bxf6 gxf6 19. Rfd1 O-O 20. Qxd6
Qxd6 21. Rxd6 b5 22. Nf4 Kg7 23. Rc7 Re8 24. Kf2 a5 25. Rb6 b4 26. g3 Kf8 27.
Nh5 Rd8 28. Ke3 f5 29. exf5 Rd5 30. g4 Re5+ 31. Kf4 Rd5 32. Nf6 Rd2 33. Ne4 {
PIETRO-TARICONE resigns} 1-0

[Event "ICS rated standard match"]
[Site "204.178.125.65"]
[Date "2000.12.24"]
[Round "?"]
[White "PIETRO-TARICONE"]
[Black "Hossa"]
[Result "1/2-1/2"]
[WhiteElo "2245"]
[BlackElo "2345"]
[PlyCount "333"]
[EventDate "2000.??.??"]

1. d4 d5 2. Nf3 Nf6 3. Bf4 c5 4. c3 Qb6 5. Qb3 Qxb3 6. axb3 cxd4 7. Nxd4 Bd7 8.
e3 Nc6 9. Nxc6 Bxc6 10. Na3 a6 11. Nb5 Rd8 12. Nd4 Bd7 13. Be2 e6 14. b4 Ra8
15. O-O Ne4 16. b5 a5 17. f3 Nd6 18. Nb3 b6 19. e4 dxe4 20. c4 exf3 21. Rxf3 f6
22. Be3 Rb8 23. c5 bxc5 24. Nxc5 Bxb5 25. Bxb5+ Rxb5 26. Nxe6 Rxb2 27. Nxf8
Rxf8 28. Bc5 Rd2 29. Rxa5 Rf7 30. Re3+ Kd7 31. Ra6 Nb7 32. Bb4 Rc2 33. h3 Kc7
34. Kh2 f5 35. Bc3 g6 36. Be5+ Kd7 37. Rb6 Nd8 38. Bf4 Rc4 39. Rd6+ Kc8 40. Bg5
Nc6 41. Red3 f4 42. R6d5 Kc7 43. Ra3 Kb6 44. Rb3+ Nb4 45. Re5 Kc6 46. Re6+ Kd5
47. Re8 Nc6 48. Rd3+ Rd4 49. Rxd4+ Nxd4 50. Bh6 Ne6 51. Ra8 Rc7 52. Ra5+ Ke4
53. Ra4+ Ke5 54. Ra5+ Kf6 55. Ra6 Kf5 56. Ra5+ Rc5 57. Rxc5+ Nxc5 58. Bf8 Ne4
59. Kg1 g5 60. Be7 h5 61. Bd8 Ke6 62. Bc7 Nc3 63. Kf2 Kf5 64. Bb8 Nb5 65. Kf3
g4+ 66. hxg4+ hxg4+ 67. Kf2 Ke4 68. Ke2 Nd4+ 69. Kf2 Nf5 70. Bc7 Ne3 71. Bb6
Nd1+ 72. Kf1 Nc3 73. Bc7 Nb5 74. Bb6 Nd4 75. Bc5 Kd5 76. Bb6 Ne6 77. Ba7 Nc5
78. Ke2 Kc4 79. Bb6 Nb3 80. Bc7 Nc1+ 81. Kd2 Nd3 82. Ke2 Kd4 83. Bb6+ Ke4 84.
Bc7 Nb4 85. Bb8 Nc2 86. Ba7 Ne3 87. Kf2 Nc4 88. Bc5 Ke5 89. Ba7 Kd5 90. Bb8 Ke4
91. Ba7 Ne5 92. Bb8 Nd3+ 93. Ke2 Nc5 94. Ba7 Ne6 95. Bb8 Ng7 96. Bd6 Nf5 97.
Bc7 Ne3 98. Kf2 Nd5 99. Bb8 Nc3 100. Ba7 Nb5 101. Bb6 Kd5 102. Bd8 Ke5 103. Bb6
Nc3 104. Ba7 Nd5 105. Bb8+ Ke4 106. Ba7 Nc7 107. Bb6 Na6 108. Ba7 Nb4 109. Bb6
Nd3+ 110. Kg1 Ne5 111. Ba7 Kd5 112. Bb6 Nc4 113. Ba7 Na5 114. Bb6 Nb3 115. Ba7
Nc5 116. Bb8 f3 117. gxf3 gxf3 118. Kf2 Ke4 119. Ba7 Nd3+ 120. Kf1 Nc1 121. Bb6
Ne2 122. Ba7 Nf4 123. Bb6 Ng2 124. Ba7 Kf4 125. Bb6 Nh4 126. Ba7 Kg4 127. Kf2
Nf5 128. Bb6 Kf4 129. Ba7 Ke4 130. Bb6 Nh4 131. Ba7 Ng6 132. Bb6 Kf4 133. Bc7+
Kg4 134. Bb6 Nh8 135. Ba7 Kf4 136. Bb6 Nf7 137. Ba7 Ke4 138. Bb6 Ng5 139. Ba7
Nh3+ 140. Kf1 Kf4 141. Bb8+ Kg4 142. Ba7 Nf4 143. Bb8 Nh5 144. Ba7 Ng7 145. Bb6
Kg5 146. Ba7 Kh5 147. Bb6 Ne6 148. Ba7 Kg4 149. Bb6 Kf5 150. Ba7 Kg5 151. Bb6
Kh4 152. Ba7 Kh5 153. Bb6 Nf4 154. Ba7 Kh4 155. Bb6 Kg4 156. Ba7 Nh3 157. Bb8
Kh4 158. Bc7 Kh5 159. Bb8 Kh6 160. Bc7 Kh7 161. Bb8 Kg8 162. Bc7 Kg7 163. Bb8
Kf6 164. Bc7 Kg6 165. Bb8 f2 166. Ba7 Kh6 167. Bxf2 {
Game drawn because neither player has mating material} 1/2-1/2

[Event "ICS rated standard match"]
[Site "204.178.125.65"]
[Date "2000.12.24"]
[Round "?"]
[White "Hossa"]
[Black "PIETRO-TARICONE"]
[Result "0-1"]
[WhiteElo "2341"]
[BlackElo "2244"]
[PlyCount "122"]
[EventDate "2000.??.??"]

1. e4 Nf6 2. e5 Nd5 3. d4 d6 4. Nf3 g6 5. Bc4 Nb6 6. Bb3 Bg7 7. Ng5 e6 8. Qf3
Qe7 9. Ne4 dxe5 10. Bg5 Qb4+ 11. c3 Qa5 12. Nf6+ Kf8 13. d5 e4 14. Qxe4 h6 15.
dxe6 Bxe6 16. Bh4 g5 17. Bxe6 Bxf6 18. Bg3 fxe6 19. Qxe6 N8d7 20. O-O Re8 21.
Qb3 Qc5 22. Nd2 Kg7 23. Qc2 Rhf8 24. Nb3 Qc4 25. Rae1 Nd5 26. Rxe8 Rxe8 27. Rd1
c6 28. Nc1 Qe4 29. Qd2 Ne5 30. Bxe5 Rxe5 31. Nd3 Nf4 32. Nxf4 gxf4 33. Qc1 f3
34. g3 Qf5 35. Qf4 Qxf4 36. gxf4 Re2 37. h3 Rxb2 38. Rd3 Rxa2 39. Rxf3 Rc2 40.
Rd3 b5 41. Rd7+ Kg6 42. Rxa7 Rxc3 43. Kg2 b4 44. Ra8 b3 45. Rb8 Rd3 46. Kf1 b2
47. Rb7 Rd1+ 48. Kg2 b1=Q 49. Rxb1 Rxb1 50. Kg3 c5 51. Kf3 Rd1 52. Ke3 c4 53.
Ke2 Rd8 54. Kf3 c3 55. Kg4 c2 56. f5+ Kh7 57. Kf3 c1=Q 58. Kg2 Qf4 59. h4 Rd2
60. Kh1 Qxf2 61. h5 Qh2# {Hossa checkmated} 0-1

[Event "ICS rated standard match"]
[Site "204.178.125.65"]
[Date "2000.12.24"]
[Round "?"]
[White "BrazilianMaster"]
[Black "Hossa"]
[Result "1-0"]
[WhiteElo "2556"]
[BlackElo "2321"]
[PlyCount "137"]
[EventDate "2000.??.??"]

1. Nf3 Nf6 2. d4 d5 3. c4 e6 4. Nc3 dxc4 5. e3 Nc6 6. Bxc4 Bb4 7. O-O O-O 8. a4
b6 9. Bd3 Bb7 10. Bd2 Bd6 11. Ne4 Nb4 12. Bxb4 Bxb4 13. Qb1 Ng4 14. Rc1 f5 15.
Neg5 Qe7 16. Qa2 Bd5 17. Bc4 c6 18. Bxd5 cxd5 19. h3 Nxf2 20. Rc6 Bd6 21. Kxf2
h6 22. h4 hxg5 23. Nxg5 Qd7 24. Rac1 Rf6 25. g3 Rh6 26. Qb3 Rd8 27. Qc2 Rf6 28.
Rc8 Rff8 29. Rxd8 Rxd8 30. Qc6 Qe7 31. Kg2 g6 32. Kh2 Rb8 33. Rc2 Re8 34. b3
Rf8 35. Rc1 Rb8 36. b4 Re8 37. a5 Bxb4 38. axb6 axb6 39. Qxb6 Bd6 40. Rc6 Rd8
41. Qa6 Qd7 42. Kh1 Kg7 43. Rb6 Qe7 44. Qb7 Kf6 45. Qc6 Rd7 46. g4 Qd8 47. Kg1
fxg4 48. e4 dxe4 49. Rb1 e3 50. Rf1+ Ke7 51. Nxe6 Qb8 52. Nc5 Qa7 53. Qe4+ Kd8
54. Ne6+ Ke7 55. Ng7+ Kd8 56. Qe8+ Kc7 57. Ne6+ Kc6 58. Rc1+ Kb6 59. Nf8 Bh2+
60. Kh1 Qa2 61. Qxd7 Qa8+ 62. d5 Be5 63. Rb1+ Kc5 64. Ne6+ Kc4 65. Qb5+ Kc3 66.
Qb3+ Kd2 67. Rd1+ Ke2 68. Qc2+ Kf3 69. Qg2# {Hossa checkmated} 1-0

[Event "ICS rated blitz match"]
[Site "204.178.125.65"]
[Date "2000.12.24"]
[Round "?"]
[White "TOKAPEB"]
[Black "Hossa"]
[Result "0-1"]
[WhiteElo "2234"]
[BlackElo "2536"]
[PlyCount "72"]
[EventDate "2000.??.??"]

1. d4 d5 2. c4 e6 3. cxd5 exd5 4. Nc3 c6 5. Nf3 Bf5 6. Bf4 Na6 7. e3 Nb4 8. Rc1
Qa5 9. a3 Na2 10. Qd2 Nxc1 11. Qxc1 Nf6 12. Be2 Ne4 13. O-O Nxc3 14. bxc3 Qxa3
15. Qd2 Be7 16. c4 Bb4 17. Qd1 O-O 18. cxd5 cxd5 19. Ne5 Qc3 20. Bf3 Rad8 21.
Qa4 f6 22. Ng4 a6 23. h4 Qb2 24. h5 Bd3 25. Ra1 Bc3 26. Ra2 Qb1+ 27. Kh2 Bc4
28. Ra3 Bb2 29. Rb3 Qc2 30. h6 Bxb3 31. Qa5 f5 32. hxg7 Kxg7 33. Bh6+ Kh8 34.
Nf6 Qxf2 35. Qc7 Qh4+ 36. Kg1 Qxh6 {TOKAPEB resigns} 0-1

[Event "ICS rated blitz match"]
[Site "204.178.125.65"]
[Date "2000.12.24"]
[Round "?"]
[White "Hossa"]
[Black "TOKAPEB"]
[Result "1-0"]
[WhiteElo "2541"]
[BlackElo "2250"]
[PlyCount "65"]
[EventDate "2000.??.??"]

1. Nf3 Nf6 2. d4 d5 3. c4 dxc4 4. Ne5 e6 5. Nc3 c5 6. e3 cxd4 7. exd4 Be7 8.
Bxc4 O-O 9. O-O a6 10. Bf4 b5 11. Qf3 Ra7 12. Nxf7 Rxf7 13. Bxb8 Bb7 14. Qg3
Nh5 15. Qe5 bxc4 16. Bxa7 Nf4 17. f3 Bd6 18. Qe1 Qg5 19. g3 Nd3 20. Qe2 Nf4 21.
Qxc4 Nh3+ 22. Kg2 Nf4+ 23. Kh1 Nh5 24. Qxe6 Nxg3+ 25. hxg3 Qxg3 26. Qe8+ Rf8
27. Qe2 Rf4 28. Qg2 Rh4+ 29. Kg1 Qf4 30. Rf2 Rh6 31. Kf1 Rg6 32. Qh3 Qxd4 33.
Bxd4 {TOKAPEB resigns} 1-0

[Event "ICS rated blitz match"]
[Site "204.178.125.65"]
[Date "2000.12.24"]
[Round "?"]
[White "Hossa"]
[Black "shally"]
[Result "1-0"]
[WhiteElo "2546"]
[BlackElo "2279"]
[PlyCount "39"]
[EventDate "2000.??.??"]

1. Nf3 c5 2. e4 Nc6 3. Bb5 Nf6 4. d3 g6 5. O-O Bg7 6. Nc3 O-O 7. Bg5 h6 8. Bxf6
Bxf6 9. Bxc6 dxc6 10. Qd2 Kh7 11. Qf4 b6 12. a3 a5 13. e5 Bg7 14. Rfd1 Be6 15.
d4 cxd4 16. Rxd4 Qc7 17. Qe3 Rad8 18. Rad1 Rxd4 19. Qxd4 Rd8 20. Qxd8 {
shally resigns} 1-0